000 00303cam a22001097a 4500
008 180718b1953 xxu||||| |||| 00| 0 eng d
082 _aA6x5422
245 _aDawn of freedom
_cedited by V.N. Misra
260 _aRewa
_bInformation and Publicity Department
_c1953
300 _a126+p.
700 _aMisra, V.N.
999 _c487113
_d487113